• 首页
  • 本馆介绍
  • 公告通知
  • 最新文献
  • 馆藏检索
  • 电子资源
  • 读者导购
  • 参考咨询
  • 我的图书馆
  • 登录
  • 详细信息显示
  • 放入我的书架
  • 预约/预借图书
  • 作者相关作品
  • 分类相关作品
  • 丛书相关作品
  • 出版社相关作品

书目信息

  • 表格格式
  • 工作单格式
  • 卡片格式
题名:
铁甲雄师
    
 
作者: 福勒 , 比恩 著 ;李本明 , 王熙玲 译
分册:  
出版信息: 北京   中国人民大学出版社  2004
页数: 276页
开本: 25cm
丛书名: 战场系列
单 册:
中图分类: E923.1
科图分类:
主题词: 坦克--苏联--1939-1945 , 坦克
电子资源:
ISBN: 7-300-05949-X(含光盘)
000 01412nam0 2200337 450
000 01423nam0 2200337 450
000 01354nam0 2200313 450
000 01318oam2 2200301 45
005 20070610091053.31
010    @a7-300-05949-X(含光盘)@dCNY36.00
100    @a20070608d2004 em y0chiy0120 ea
101 1  @achi@ceng
102    @aCN@b110000
105    @ay z 000yy
200 1  @a铁甲雄师@ATie Jia Xiong Shi@e二战中的苏军坦克@EEr Zhan Zhong De Su Jun Tan Ke@e1939~1945@f(英)蒂姆·比恩(Tim Bean),(英)威尔·福勒(Will Fowler)著@F( Ying ) Di Mu· Bi En (Tim Bean),( Ying ) Wei Er· Fu Le (Will Fowler) Zhu@g李本明,王熙玲译
210    @a北京@c中国人民大学出版社@d2004
215    @a276页@c照片,图@d25cm@e光盘1片
225 2  @a战场系列
307    @a附光盘:ISRC CN-E13-02-0004-0
330    @a本书从20世纪20年代苏联坦克兵种的组建入手,到20世纪30年代后期斯大林的肃反、1941年德国的入侵,再到库尔斯克规模宏大的坦克大战以及最后的柏林胜利,详细论述了苏军坦克部队的发展历程。
410  0 @12001 @a战场系列
510 1  @aStalin's Armored Might : Russian Tanks of World War@zeng
606 0  @a坦克@y苏联@z1939-1945
606 0  @a坦克
690    @aE923.1@v4
701  1 @c(英)@a福勒@AFu Le@g(Fowler, Will)@4著
701  1 @c(英)@a比恩@ABi En@g(Bean, Tim)@4著
702  0 @a李本明@ALi Ben Ming@4译
702  0 @a王熙玲@AWang Xi Ling@4译
801  0 @aCN@bTAOJIN@c20070610
905    @a10447@dE923.1@e17
    
    铁甲雄师:二战中的苏军坦克:1939~1945/(英)蒂姆·比恩(Tim Bean),(英)威尔·福勒(Will Fowler)著/李本明,王熙玲译.-北京:中国人民大学出版社,2004
    276页:照片,图;25cm+光盘1片.-(战场系列)
    
    
    ISBN 7-300-05949-X(含光盘):CNY36.00
    本书从20世纪20年代苏联坦克兵种的组建入手,到20世纪30年代后期斯大林的肃反、1941年德国的入侵,再到库尔斯克规模宏大的坦克大战以及最后的柏林胜利,详细论述了苏军坦克部队的发展历程。
●
相关链接 在E读中查询图书 在五车中查询图书 在当当中查询图书 在豆瓣中查询图书


正题名:铁甲雄师     索取号:E923.1/17         预约/预借

序号 登录号 条形码 馆藏地/架位号 状态 备注
1 0527363   205273639   第一样本阅览室/ [索取号:E923.1/17] 在馆    
2 0527364   205273648   第一借阅区/ [索取号:E923.1/17] 在馆    
3 0527365   205273657   第一借阅区/ [索取号:E923.1/17] 在馆    
4 0527366   205273666   第一借阅区/ [索取号:E923.1/17] 在馆    
5 0527367   205273675   第一借阅区/ [索取号:E923.1/17] 在馆    
6 0527368   205273684   第一借阅区/ [索取号:E923.1/17] 在馆    
7 0527369   205273693   第一借阅区/ [索取号:E923.1/17] 在馆    
8 0527370   205273700   第一借阅区/ [索取号:E923.1/17] 在馆    
唐山师范学院图书馆 欢迎您!
大连网信软件有限公司© 版权所有